| 000 | 00550cam a22001815a 4500 | ||
|---|---|---|---|
| 001 | ##L134166 | ||
| 008 | 060713s1958 xxk 000 0 eng u | ||
| 035 | _a(Sirsi) u134166 | ||
| 041 | 0 | _aeng | |
| 050 | 0 | 4 | _a333.0062 $2 18 |
| 110 | 2 |
_aRoyal Institution of Chartered Surveyors _94900 |
|
| 245 | 0 | 0 | _aMemorandum on Institution finance |
| 260 |
_aLondon _bRICS _c1958 |
||
| 300 |
_a7p. _c22cm. |
||
| 651 | 4 |
_aUnited Kingdom _y |
|
| 690 | _aABOUT RICS-RICS STRUCTURE AND GOVERNANCE-RICS CORPORATE MANAGEMENT-RICS FINANCIAL MANAGEMENT | ||
| 942 | _n0 | ||
| 999 |
_c105576 _d105576 |
||